|
|
|
|
| LEADER |
00000ny a22000003n 4500 |
| 005 |
20110608101349.0 |
| 008 |
080923s2004 sp s 000 0 spa c |
| 020 |
|
|
|a 978-84-85942-11-4
|
| 035 |
|
|
|a 428
|
| 040 |
|
|
|a UMA.RE
|d vLex
|
| 080 |
|
|
|a 351.95(460)(0.034)
|
| 090 |
|
|
|c 560
|d 560
|
| 100 |
1 |
|
|a Gimeno Sendra, Vicente
|
| 245 |
1 |
0 |
|a Comentarios a la nueva ley reguladora de la jurisdiccin̤ contenciosa-administrativa de 1998
|h [Recurso electrn̤ico]
|c Vicente Gimeno Sendra
|
| 256 |
|
|
|a Servicio en ln̕ea
|
| 260 |
|
|
|a [Madrid] :
|b Editorial Universitaria Ramn̤ Areces,
|c 2004
|
| 300 |
|
|
|a p. ;
|c cm
|
| 506 |
1 |
|
|a Contenido solo disponible en los productos indicados
|d vLex Global
|d vLex Global (Academic Edition, excluding Law Schools)
|d vLex Global (U.S. Academic Edition, Law Schools)
|d vLex Global (U.S. Academic Edition, excluding Law Schools)
|d vLex Global (Academic Edition, Law Schools)
|
| 650 |
0 |
7 |
|a Administrativo
|2 Tesauro vLex
|
| 650 |
0 |
7 |
|a Ley de jurisdiccin̤ contencioso administrativa
|2 Tesauro vLex
|
| 650 |
0 |
7 |
|a Juzgado contencioso administrativo
|2 Tesauro vLex
|
| 650 |
0 |
7 |
|a Procesal
|2 Tesauro vLex
|
| 650 |
0 |
7 |
|a Jurisdiccin̤ contencioso administrativa
|2 Tesauro vLex
|
| 650 |
0 |
7 |
|a Juzgados de lo contencioso administrativo
|2 Tesauro vLex
|
| 740 |
0 |
|
|a vLex Libros (Servicios en ln̕ea)
|
| 856 |
4 |
0 |
|u http://vlex.com/source/428
|z Acceso restringido
|
| 942 |
|
|
|c BOOK
|
| 999 |
0 |
|
|a Procedure (Law)
|b Madrid
|